000 00740nam a22000977a 4500
999 _c3052
_d3052
008 200720b ||||| |||| 00| 0 eng d
100 _aSuperson, Eduard
245 _aPoland occupied in World War II and Holocaust, 1939-1945 (3rd Ed. Rev.)
260 _aPanama City, Florida, U.S.A
_bEdward T. Superson (Tallahassee, Florida, U.S.A. : Kinko's Graphics Corp.)
_c1987
650 _aPoland | World War II, 1939-1945 | Holocaust, Jewish (1939-1945) | Postal History | Postal Markings | Occupation Issues | Overprints and Surcharges | Provisionals and Forerunners | Prisoner-of-War and Internee Mail | Military Mail | Censored Mail | Germany -- Occupation of Poland (1939-1944) | Russian Related | Russia | Union of Soviet Socialist Republics (1917-1991)